[Event "Your Next Move GCT 2018-Blitz"]
[Site "Leuven"]
[Date "2018.06.15"]
[Round "2"]
[White "Giri, Anish"]
[Black "Vachier-Lagrave, Maxime"]
[Result "0-1"]
[WhiteElo "2799"]
[BlackElo "2837"]
[Annotator "TA"]
[PlyCount "114"]
[EventDate "2018.06.16"]
[EventType "tourn"]
[EventCountry "BEL"]
[SourceTitle "playchess.com"]
[Source "ChessBase"]
[SourceQuality "1"]

{[%evp 19,114,16,17,20,18,3,11,10,34,14,8,12,14,6,10,13,16,0,27,23,47,35,98,89,98,30,51,51,50,30,52,47,94,38,31,39,37,31,31,0,38,0,37,33,34,17,33,23,25,10,30,0,14,0,6,-6,20,0,0,0,0,0,3,5,4,7,14,8,12,0,0,0,0,0,0,0,0,0,0,0,0,-299,-278,-910,-857,-29976,-29976,-29979,-29980,-29981,-29982,-29982,-29983,-29983,-29984,-29984,-29985]} 1. e4 c5 2. Nf3 d6 3. d4 cxd4 4. Nxd4 Nf6 5. Nc3 a6 6. g3 e5 7. Nde2 Be7 8. Bg2 b5 9. Nd5 {B91: Sicilian Najdorf: 6 g3} Nbd7 10. Nec3 Nb6 {LiveBook: 9 Games} 11. Nxf6+ $146 {The position is equal.} ({Predecessor:} 11. Nxe7 Qxe7 12. Bg5 O-O 13. O-O h6 14. Bxf6 Qxf6 15. a4 b4 16. Nd5 Nxd5 17. Qxd5 {½-½ (27) Navara,D (2745)-Wojtaszek,R (2744) Shamkir 2018}) 11... Bxf6 12. O-O O-O 13. b3 b4 14. Nd5 Nxd5 15. Qxd5 Be6 16. Qd3 Qc7 17. Bd2 a5 18. a3 bxa3 19. Rxa3 Rfc8 20. c4 Bd8 (20... Ra7 $1 $14) 21. Rfa1 $16 Qc5 22. b4 (22. Ra4 $16) 22... Qc6 23. bxa5 Bxc4 24. Qe3 Qb5 25. Qe1 Ra6 26. Qb1 (26. Ra4 $16) 26... Qxb1+ $14 27. Rxb1 Rca8 28. Rc1 Bb5 29. Rb1 Bc4 30. Rc1 Bb5 31. Bh3 Kf8 32. Rc8 (32. Bc8 {seems wilder.} Rc6 33. Rb1 Ba6 34. Bb7 Bxb7 35. Rxb7 Rca6 36. Rb5) 32... Ke8 33. Rxa8 (33. Rc2 {looks sharper.} R6a7 34. Rb2 Ba6 35. Bf1 Kd7 36. Bxa6 Rxa6 37. Rb7+) 33... Rxa8 34. Bb4 Bc7 35. Ra1 Ra7 36. Bg4 g6 37. h4 h5 38. Bh3 Bd3 39. f3 Bb6+ 40. Kg2 Bc5 41. Bxc5 dxc5 $11 {[%mdl 4096] Endgame KRB-KRB} 42. Kf2 Bb5 43. Bf1 c4 $1 44. Ke3 Kd7 45. Kd2 Kc6 46. Kc3 {Hoping for Kb4.} Kc5 47. Be2 Ra6 48. Rd1 Rxa5 {[#] Strongly threatening ...Ra3+.} 49. Rd5+ Kb6 {Threatens to win with ...Ra3+.} 50. Bxc4 $2 {[%mdl 8192]} (50. Rxe5 $11 {and White is okay.} Ra3+ 51. Kd4) 50... Ra3+ $19 51. Kb2 $2 (51. Bb3 Ba4 52. Kb4 Rxb3+ 53. Kxa4 Rxf3 54. Rxe5) 51... Bxc4 52. Kxa3 Bxd5 {Black mates.} 53. exd5 {KP-KP} Kc5 54. Kb3 Kxd5 55. Kc3 f5 56. Kd3 e4+ 57. Ke3 {[#]} Ke5 $1 {Precision: White = 31%, Black = 55%.} 0-1

[Event "Your Next Move GCT 2018-Blitz"]
[Site "Leuven"]
[Date "2018.06.15"]
[Round "3"]
[White "So, Wesley"]
[Black "Anand, Viswanathan"]
[Result "1/2-1/2"]
[WhiteElo "2856"]
[BlackElo "2817"]
[Annotator "TA"]
[PlyCount "121"]
[EventDate "2018.06.16"]
[EventType "tourn"]
[EventCountry "BEL"]
[SourceTitle "playchess.com"]
[Source "ChessBase"]
[SourceQuality "1"]

{[%evp 23,121,0,14,-42,-39,-42,0,-47,-25,-29,0,0,34,19,25,0,0,0,0,0,5,0,55,44,43,39,72,86,92,92,92,94,113,114,112,102,117,102,109,87,98,99,97,97,108,95,177,88,89,85,85,19,19,19,19,19,19,19,35,19,19,0,48,48,48,48,48,48,48,48,48,48,48,48,48,48,48,48,48,48,48,47,47,47,47,47,47,16,16,16,16,16,16,16,16,16,16,0,0,0]} 1. Nf3 Nf6 2. c4 e6 3. Nc3 d5 4. e3 c5 5. cxd5 exd5 6. d4 Nc6 7. Bb5 cxd4 8. Nxd4 Bd7 9. O-O Bd6 {D32: Tarrasch Defence: Sidelines and lines without g3} 10. b3 (10. Nf3 Be6 11. b3 O-O 12. Bb2 a6 13. Bd3 Bg4 14. h3 Bh5 15. Be2 Re8 16. Nh4 Bg6 17. Nxg6 hxg6 {½-½ (56) Carlsen,M (2832)-Grischuk,A (2750) chess.com INT 2017}) 10... O-O 11. Bb2 Re8 12. Nf3 Bg4 {LiveBook: 7 Games} 13. Bxc6 $146 (13. Rc1 $11) ({Predecessor:} 13. Be2 a6 14. Rc1 Bc7 15. Qc2 Qd6 16. g3 Qe7 17. Rfd1 Rad8 18. Nd4 Nxd4 19. Rxd4 Be6 20. Rdd1 Bb8 21. Bf3 {1-0 (79) Martin,B (2355)-Bryson,D (2380) Newcastle on Tyne 1995}) 13... bxc6 $15 14. Rc1 Be5 15. Na4 Bxb2 16. Nxb2 Rc8 17. h3 Bxf3 18. Qxf3 c5 {[%cal Bc6c5,Bc5c4][%mdl 32]} 19. Rfd1 Qa5 20. Na4 c4 21. Qf5 h6 22. Rc2 Rb8 (22... Rc6 $11) 23. Nc3 $1 $14 {bxc4 is the strong threat.} cxb3 24. axb3 {[%cal Rc3d5]} Rxb3 25. Nxd5 Nxd5 26. Rxd5 Qa1+ 27. Kh2 {And now Rc7 would win.} Rbb8 28. Rc7 Rf8 29. Ra5 $36 {[%mdl 2048] Black is under strong pressure.} Qd1 30. Rd7 Qb1 31. Qf4 Rb7 32. Rxa7 Rxa7 33. Rxa7 $16 {[%mdl 4096] Endgame KQR-KQR} Qb6 34. Rc7 Qf6 (34... h5 $16 {was called for.} 35. Qe5 Rd8) 35. Qg3 (35. Qxf6 $18 {White threatens Qe7 and mate.} gxf6 36. g4) 35... Re8 36. Rc5 g6 37. h4 ({White should play} 37. Rc4 $16) 37... Re4 $1 $11 {[%cal Re4h4]} 38. f4 Qe7 39. Rc3 h5 40. Qf2 Kg7 41. Rb3 Rc4 42. Qb2+ Qf6 43. Qxf6+ Kxf6 $14 {KR-KR} 44. Kg3 Kg7 45. Kf3 f5 46. Rb7+ Kf6 47. Rb6+ Kf7 48. Rd6 Rc2 49. g3 Rb2 50. Rd7+ Kf6 51. Rd3 Kf7 52. e4 fxe4+ $1 53. Kxe4 Kf6 54. Rd6+ Kf7 55. f5 Rb4+ {The position is equal.} 56. Ke5 gxf5 57. Rf6+ Kg7 {[#] Strongly threatening ...Rb5+.} 58. Rxf5 Kg6 {aiming for ...Rb5+.} 59. Rf6+ Kg7 60. Rf4 Rb3 61. Ke4 {Precision: White = 53%, Black = 66%.} 1/2-1/2

[Event "Your Next Move GCT 2018-Blitz"]
[Site "Leuven"]
[Date "2018.06.15"]
[Round "3"]
[White "Vachier-Lagrave, Maxime"]
[Black "Nakamura, Hikaru"]
[Result "1-0"]
[WhiteElo "2837"]
[BlackElo "2878"]
[Annotator "TA"]
[PlyCount "104"]
[EventDate "2018.06.16"]
[EventType "tourn"]
[EventCountry "BEL"]
[SourceTitle "playchess.com"]
[Source "ChessBase"]
[SourceQuality "1"]

{[%evp 11,104,27,24,18,31,12,0,0,22,0,49,54,58,-17,64,20,33,22,27,15,14,18,19,20,106,110,147,124,139,138,156,143,173,135,144,143,154,160,218,143,150,115,101,77,83,28,28,28,28,29,30,33,38,39,101,101,101,101,101,101,101,101,101,101,101,101,107,101,162,162,162,162,162,154,154,107,107,107,107,101,101,101,105,105,883,799,1061,1093,1268,1374,1295,1140,1010,831,771]} 1. e4 d6 2. d4 g6 3. Bc4 Bg7 4. Nf3 Nf6 5. Qe2 O-O 6. O-O Bg4 7. Rd1 {B06: Modern Defence} Nc6 8. h3 Bxf3 9. Qxf3 {The position is equal.} e5 10. c3 {[%cal Bc2c3,Bc3c4][%mdl 32]} Re8 11. d5 Ne7 12. Bd3 $146 ({White should try} 12. Bb3 $14) ({Predecessor:} 12. Nd2 Rf8 13. Nf1 Nh5 14. Ng3 Nxg3 15. fxg3 f5 16. g4 {0-1 (40) Vachier Lagrave,M (2710)-Gashimov,V (2757) Beijing 2011}) 12... Rf8 (12... Nexd5 $1 $11 13. a4 (13. exd5 e4 $15) 13... a5) 13. c4 Nd7 14. Nc3 $36 {[%mdl 2048] White has some pressure.} f5 15. Rb1 fxe4 16. Qxe4 Nf5 17. Qe1 e4 (17... Nc5 $11 {keeps the balance.}) 18. Nxe4 $16 h6 19. b3 Re8 20. Bb2 Ne5 21. f3 a5 22. a4 Qe7 23. Bc2 Qf7 24. Qf2 b6 (24... Nd7 $16 25. Bxg7 Nxg7) 25. Bc3 Re7 26. Re1 Rae8 27. Re2 Nd7 28. Rbe1 (28. Bxg7 $16 Qxg7 29. Rd1) 28... Rxe4 $11 29. Rxe4 Rxe4 30. fxe4 Bxc3 31. exf5 {[#] Hoping for Re6.} Bxe1 32. Qxe1 gxf5 (32... g5 $1 $14) 33. Qg3+ $16 Kf8 34. Qf4 Kg7 35. Bxf5 Nc5 36. Qg3+ Kf8 37. Bc2 Qe7 38. Qf4+ Kg7 39. Kf2 Qe8 (39... Qf6 $16 {was worth a try.} 40. Qxf6+ Kxf6) 40. Qg4+ $18 Kf8 41. Qf5+ Qf7 42. Qxf7+ Kxf7 {[%mdl 4096] Endgame KB-KN} 43. Ke3 Nd7 44. Kf4 Kf6 45. g4 Nc5 46. h4 Nd7 47. g5+ Kg7 $2 {[%mdl 8192] [#]} (47... hxg5+ $16 48. hxg5+ Kg7) 48. Kf5 {White is clearly winning.} Nc5 49. gxh6+ Kxh6 50. Kf6 Kh5 51. Ke7 Kxh4 52. Kd8 Na6 {Precision: White = 52%, Black = 45%.} 1-0

[Event "Your Next Move GCT 2018-Blitz"]
[Site "Leuven"]
[Date "2018.06.15"]
[Round "3"]
[White "Caruana, Fabiano"]
[Black "Giri, Anish"]
[Result "1/2-1/2"]
[WhiteElo "2818"]
[BlackElo "2799"]
[Annotator "TA"]
[PlyCount "80"]
[EventDate "2018.06.16"]
[EventType "tourn"]
[EventCountry "BEL"]
[SourceTitle "playchess.com"]
[Source "ChessBase"]
[SourceQuality "1"]

{[%evp 21,80,43,42,7,14,23,64,4,66,62,88,84,104,0,46,46,125,143,225,198,212,105,116,123,114,122,117,129,154,120,219,188,200,54,39,81,90,7,7,0,27,28,34,0,0,0,0,-194,-25,-25,7,7,7,7,7,7,7,7,7,7,8]} 1. e4 e5 2. Nf3 Nc6 3. Bb5 a6 4. Ba4 Nge7 5. O-O g6 6. c3 Bg7 7. d4 exd4 8. cxd4 b5 {C60: Spanische Partie} 9. Bc2 d5 10. exd5 Nb4 (10... Nxd5 11. Re1+ Be6 12. Bg5 Qd7 13. Nc3 O-O 14. Be4 Rae8 15. Bxd5 Bxd5 16. Ne5 Nxe5 17. dxe5 {½-½ (32) Anand,V (2760)-Mamedyarov,S (2808) Stavanger 2018}) 11. Bb3 Nbxd5 {LiveBook: 12 Partien} 12. Nc3 O-O 13. Re1 {[#]} h6 $146 ({Vorgänger:} 13... Nf6 14. Ne5 Bb7 15. Bg5 Nf5 16. Ne4 Bxe4 17. Rxe4 Qd6 18. Bxf6 {½-½ (18) Alekseev,E (2653)-Panarin,M (2558) Sochi 2015}) 14. h3 (14. Nxd5 $14 Nxd5 15. Ne5) 14... Nxc3 (14... Bb7 $11) 15. bxc3 $14 Bb7 16. Ne5 {Und La3 würde nun gewinnen.} Bd5 17. Qg4 ({Günstiger ist} 17. Ba3 $16 Re8 18. Nxg6 Bxb3 19. Nxe7+ Qxe7 20. Bxe7 (20. axb3 Qxe1+ 21. Qxe1 Rxe1+ 22. Rxe1 a5 $16) 20... Bxd1 21. Raxd1) 17... Bxb3 18. axb3 Nd5 (18... a5 $14) 19. Qf3 $16 Nf6 (19... Qd6 $16 20. Ba3 b4) 20. Nc6 $18 Qd7 21. Bf4 (21. Ba3 $18 Rfe8 22. Re5) 21... Kh7 22. c4 {Droht stark Te7.} bxc4 23. bxc4 Rfe8 24. Be5 Ng8 25. d5 Qf5 (25... Bxe5 $16 26. Rxe5 (26. Nxe5 Qf5 $16) 26... Rxe5 27. Nxe5 Qe7) 26. Qxf5 gxf5 27. Bxc7 ({Besser ist} 27. f4 $18) 27... Bxa1 $14 28. Rxa1 Nf6 29. d6 ({Lieber} 29. Kf1 $16) 29... Re4 $11 30. Rc1 Ne8 31. Bb8 Nf6 32. c5 {[%mdl 1024] Weiss hat Kompensation.} a5 $1 {[%cal Ra5a4]} 33. Bc7 $1 {[%cal Rc7a5]} a4 {[#] zielt auf ...a3 ab.} 34. Na5 $2 (34. Ne7 $11 {und Weiss steht sicher.}) 34... Nd5 $2 (34... a3 $19 35. Ra1 Ra4) 35. Nc4 $1 {[%cal Rc4b6] Droht Sb6.} Rxc4 36. Rxc4 {Droht La5! und aus.Die Stellung ist ausgeglichen.} a3 $132 {[%mdl 2048] Schwarz puts up resistance} 37. Rc1 Nxc7 38. dxc7 {Schwarz muss nun Ta1 beachten.} Rc8 $1 39. Ra1 Rxc7 40. Rxa3 {Tc3 ist eine echte Drohung.} Rxc5 {Precision: Weiß = 47%, Schwarz = 40%.} 1/2-1/2

[Event "Your Next Move GCT 2018-Blitz"]
[Site "Leuven"]
[Date "2018.06.15"]
[Round "3"]
[White "Karjakin, Sergey"]
[Black "Aronian, Levon"]
[Result "1/2-1/2"]
[WhiteElo "2816"]
[BlackElo "2809"]
[Annotator "TA"]
[PlyCount "111"]
[EventDate "2018.06.16"]
[EventType "tourn"]
[EventCountry "BEL"]
[SourceTitle "playchess.com"]
[Source "ChessBase"]
[SourceQuality "1"]

{[%evp 10,111,17,12,9,12,17,12,13,9,6,0,14,9,9,2,20,21,20,9,10,8,15,10,21,7,21,20,27,23,34,27,35,25,25,25,40,25,41,0,66,24,41,33,29,45,31,33,32,33,29,27,52,0,0,0,0,0,0,-23,-14,-58,-83,-83,-85,-82,-50,-64,-23,-25,-27,-23,-21,-42,-38,-38,-37,-29,0,0,0,-285,0,0,0,0,0,0,0,0,0,0,0,0,0,0,0,0,0,0,0,0,0,0]} 1. e4 e5 2. Nf3 Nc6 3. Bc4 Bc5 4. d3 Nf6 5. Nc3 a6 6. Nd5 {LiveBook: 5 Games. C50: Hungarian Defence and Giuoco Pianissimo} Nxd5 7. Bxd5 d6 8. c3 $146 ({Predecessor:} 8. Be3 Bxe3 9. fxe3 O-O 10. O-O Nb8 11. b4 Nd7 12. Qd2 c6 13. Bb3 a5 {1-0 (37) Kramnik,V (2800)-Aronian,L (2794) Berlin 2018}) 8... O-O 9. b4 Ba7 10. a4 h6 11. Be3 Ne7 12. Bb3 Ng6 13. O-O Kh8 14. Bxa7 Rxa7 15. d4 {Threatening dxe5.} Qf6 16. Qd3 Bg4 17. Bd1 Be6 18. g3 Bh3 19. Re1 Raa8 20. Nd2 {[%cal Bf3d2,Bd2f1,Bf1e3][%mdl 32]} Rae8 21. Bf3 Qg5 22. Qe3 Qd8 23. Bh5 Qc8 24. Qf3 Be6 (24... Qd8 $11) 25. Nf1 (25. d5 $5 {[%cal Rd5e6]} Bh3 26. c4 $14) 25... Ne7 {[%cal Bg6e7,Be7g8,Bg8f6,Bf6h7,Bh7g5,Bg5f3][%mdl 32]} 26. Ne3 Ng8 27. Qd1 Nf6 28. Bf3 Bh3 29. Qd3 Nh7 30. Bh1 Ng5 31. a5 ({Better is} 31. f3 $14) 31... f5 $11 32. exf5 Bxf5 33. Nxf5 Rxf5 34. Bg2 (34. Ra2 {looks sharper.} e4 35. Bxe4 Nf3+ 36. Kf1 Nxe1 37. Bxf5 Nxd3 38. Bxc8 Rxc8 39. Rd2) 34... e4 35. Qe3 {[#] Threatens to win with f4.} Nf3+ 36. Bxf3 Rxf3 37. Qd2 d5 {Hoping for ...Ref8.} 38. Re3 $1 Ref8 {Strongly threatening ...Qh3.} (38... Rf6 {seems wilder.} 39. c4 Ref8 40. Re2 c6 41. cxd5 cxd5 42. Rc1 Qh3) 39. Rxf3 Rxf3 {[%mdl 4096] Endgame KQR-KQR} 40. Re1 Rd3 41. Qc2 Qf5 {And now ...Qf3 would win.} 42. Re3 $1 Rxe3 43. fxe3 $15 {KQ-KQ} Kg8 44. c4 Qf3 45. Qc3 $2 {[%mdl 8192] [#]} (45. Qc1 $11 {and White is okay.}) 45... c6 $2 (45... Qd1+ $1 $19 46. Kf2 Qh1) 46. cxd5 $1 $11 {The position is equal.} cxd5 47. Qb3 Kh7 48. Qxd5 Qxe3+ 49. Kg2 Qf3+ 50. Kg1 Qd1+ 51. Kg2 Qc2+ 52. Kh3 e3 53. Qe5 Qf2 54. Qe4+ Kh8 55. Qe8+ Kh7 56. Qe4+ {Precision: White = 63%, Black = 68%.} 1/2-1/2

[Event "Your Next Move GCT 2018-Blitz"]
[Site "Leuven"]
[Date "2018.06.15"]
[Round "3"]
[White "Mamedyarov, Shakhriyar"]
[Black "Grischuk, Alexander"]
[Result "1/2-1/2"]
[WhiteElo "2757"]
[BlackElo "2831"]
[Annotator "TA"]
[PlyCount "56"]
[EventDate "2018.06.16"]
[EventType "tourn"]
[EventCountry "BEL"]
[SourceTitle "playchess.com"]
[Source "ChessBase"]
[SourceQuality "1"]

{[%evp 9,56,12,31,0,28,7,15,0,0,-5,-5,-8,-14,-6,1,-8,45,52,104,98,93,91,93,53,108,99,98,70,68,60,83,81,96,59,96,97,98,87,87,78,78,78,78,78,78,78,78,78,78]} 1. d4 Nf6 2. c4 g6 3. Nc3 Bg7 4. Nf3 O-O 5. Bg5 h6 {LiveBook: 296 Partien} 6. Bd2 {E61: Königsindisch (Abweichungen der Hauptvariante)} (6. Bh4 c5 7. d5 e6 8. e4 exd5 9. e5 Qe8 10. Be2 Ng4 11. Nxd5 Na6 12. Nf6+ Bxf6 13. exf6 Qe6 14. O-O Nxf6 {1-0 (32) Mamedyarov,S (2753)-Grischuk,A (2779) Khanty-Mansiysk 2013}) 6... d6 (6... c5 7. d5 d6 8. Qc1 h5 9. Bh6 a6 10. e4 Qa5 11. Bxg7 Kxg7 12. Bd3 b5 13. Nd2 b4 {½-½ (58) Mamedyarov,S (2743)-Saric,I (2671) Tromsoe 2014}) 7. Qc1 Kh7 $146 ({Vorgänger:} 7... Kh8 8. e4 Bg4 9. Be2 c5 10. d5 Nbd7 11. O-O e5 12. h3 Bxf3 13. Bxf3 {0-1 (24) Del Cura Gutierrez,A-Morelle Calvo,F Valladolid 1990}) 8. h4 {Die Stellung ist ausgeglichen.} Nh5 9. e4 e5 10. d5 a5 11. Be2 $36 {[%mdl 2048] Weiss drückt.} Na6 12. g3 Nc5 ({Lieber} 12... Qe8 $11) 13. Be3 $14 Qe8 ({Besser ist} 13... Nf6 $14) 14. Bxc5 $16 dxc5 15. Qe3 Qe7 16. O-O-O Ra6 (16... Nf6 $14) 17. Na4 b6 18. Nc3 Nf6 {[%cal Bh5f6,Bf6e8,Be8d6][%mdl 32] [#] Droht stark ...Sg4.} 19. Nh2 {[%cal Bf3h2,Bh2f1,Bf1e3][%mdl 32]} Ne8 20. h5 g5 21. a4 Nd6 22. g4 {Weiß steht besser.} Ra8 23. Nf1 Qf6 24. b3 Qf4 25. f3 Bd7 26. Kc2 Qxe3 27. Nxe3 Bf6 28. Bd3 Rfe8 {Precision: Weiß = 65%, Schwarz = 60%.} 1/2-1/2

[Event "Your Next Move GCT 2018-Blitz"]
[Site "Leuven"]
[Date "2018.06.15"]
[Round "4"]
[White "Nakamura, Hikaru"]
[Black "Aronian, Levon"]
[Result "1-0"]
[WhiteElo "2878"]
[BlackElo "2809"]
[Annotator "TA"]
[PlyCount "149"]
[EventDate "2018.06.16"]
[EventType "tourn"]
[EventCountry "BEL"]
[SourceTitle "playchess.com"]
[Source "ChessBase"]
[SourceQuality "1"]

{[%evp 10,149,9,11,26,20,22,25,37,37,35,29,29,36,39,37,35,9,12,17,16,18,13,-1,22,14,15,0,20,4,3,3,4,2,9,8,13,0,31,6,7,2,39,23,72,86,80,62,75,0,4,0,8,1,71,71,173,173,173,105,105,105,94,8,25,8,8,8,8,0,0,0,0,0,0,0,0,0,0,0,8,8,8,8,288,250,238,8,9,0,0,0,0,0,0,0,81,8,259,251,230,218,29960,29961,7740,4297,5089,2454,2210,839,839,839,8,8,8,8,8,8,29971,29975,29975,29976,5393,29977,29976,29977,29977,29978,29978,29979,29979,133,133,133,29985,29979,29978,0,29985,29986,29986,29987]} 1. d4 Nf6 2. Bf4 d5 3. e3 e6 4. Nd2 Bd6 5. Ngf3 Bxf4 6. exf4 Nbd7 {D02: 1 d4 d5 2 Nf3 sidelines, including 2...Nf6 3 g3 and 2...Nf6 3 Bf4} (6... b6 7. Bd3 c5 8. c3 O-O 9. O-O Ba6 10. Bxa6 Nxa6 11. Ne5 Nc7 12. Qf3 Nb5 13. dxc5 bxc5 14. f5 exf5 15. Qxf5 {½-½ (53) Baron,T (2557)-Rodshtein,M (2698) Biel 2016}) 7. Bd3 c5 8. c3 Qb6 {White has an edge.} 9. Rb1 Qd6 $146 ({Predecessor:} 9... cxd4 10. Nxd4 Nc5 11. Qe2 Bd7 12. O-O Nxd3 13. Qxd3 g6 14. Rfe1 {1-0 (62) Bernstein,O-Naegeli,O Zuerich 1934}) 10. g3 b6 11. O-O Bb7 12. Re1 O-O {[%cal Bh8f8,Bf8c8,Bc8c1][%mdl 32]} 13. b4 cxb4 14. cxb4 Rac8 15. Qa4 Rc3 16. Rb3 Rxb3 17. Qxb3 Rc8 18. Ne5 Ne4 19. Nxe4 dxe4 20. Bxe4 Bxe4 21. Rxe4 Rc1+ 22. Kg2 Nf6 23. Qb2 Rd1 (23... Qc7 {feels hotter.} 24. Re2 b5 25. Qa3 Nd5 26. Qa6 Qb8) 24. Qc2 (24. Re2 {with more complications.} Qd5+ 25. Kh3 Rg1 26. f3 Qb7 27. Rg2) 24... Nxe4 25. Qxd1 {Hoping for Qa4.} f6 26. Nf3 h6 27. Qa4 Kh7 28. Qb3 Qc6 29. b5 (29. a4 $16) 29... Qd5 30. Qc2 f5 31. a4 Nd6 (31... Kg8 $11) 32. Qc6 $16 Ne4 (32... Qxc6 $16 33. bxc6 Kg6) 33. Qxd5 $18 exd5 {[%mdl 4096] Endgame KN-KN} 34. Ne5 (34. Kf1 $1 $18) 34... Nc3 $16 35. Nc6 Nxa4 36. Nxa7 ({White should try} 36. Kf3 $1 $16) 36... Kg6 $11 37. Kf3 Kf6 38. Ke3 Ke6 39. Kd3 Nb2+ $1 40. Kc2 Nc4 41. Kc3 Nd6 42. f3 Nc4 43. Nc6 Na3 44. Kb4 Nc2+ 45. Kb3 Ne3 46. Kc3 {next Ne5 is good for White.} g5 $2 {[%mdl 8192]} (46... Nd1+ $11 {and Black stays safe.} 47. Kd2 Nb2) 47. fxg5 $18 hxg5 48. Kd3 $2 (48. Ne5 $18) 48... Nc4 $11 49. h4 f4 50. hxg5 fxg3 {aiming for ...g2.} 51. Ke2 Kf5 52. f4 Nd2 (52... Nd6 $11) 53. Ne7+ ({White should play} 53. Ne5 $1 $16 g2 54. Kf2 Ne4+ 55. Kxg2) 53... Kxf4 $2 {[%mdl 8192]} (53... Ke6 $11 {and Black is okay.} 54. Nc8 Nb3) 54. g6 $18 ({Worse is} 54. Nxd5+ Kxg5 55. Nxb6 g2 $11) 54... g2 55. Kf2 Ne4+ $2 (55... Nf3 $18 56. Nxd5+ (56. Kxg2 Nh4+ 57. Kf2 Nxg6 $16) 56... Kf5 57. Kxg2 Nh4+ 58. Kg3 Nxg6) 56. Kxg2 Nf6 57. Nc8 Kg5 58. g7 Kg6 59. Nxb6 (59. Kf3 $142 Kxg7 60. Nxb6) 59... Kxg7 60. Na4 $1 Kf7 61. b6 {Threatens to win with Nc5.} Nd7 62. b7 {Nc5 is the strong threat.} Nb8 63. Kf3 {Black must now prevent Nc5.} Ke6 $2 {[%mdl 8192]} (63... Ke7 $11) 64. Kf4 $1 Kd6 {[#]} 65. Nc5 $1 Kc7 66. Ke5 Kc6 67. Ke6 Kc7 68. Kxd5 Nc6 69. Ke4 Kb6 70. d5 $2 (70. Kf4 {mates} Kc7 71. d5 Na5 {[#]} 72. d6+ $1 {[%mdl 512]} Kb8 73. Ke5 Nc6+ 74. Kf6 Nd8 75. Ke7 Nc6+ 76. Ke8) 70... Nb8 $16 71. Kd4 Kc7 $2 {[%mdl 8192]} (71... Kb5 $16 72. Ne6 Ka6) 72. Kc4 Kd6 73. Kd4 Kc7 74. Ke5 Kb6 75. Kd6 {Precision: White = 52%, Black = 45%.} 1-0

[Event "Your Next Move GCT 2018-Blitz"]
[Site "Leuven"]
[Date "2018.06.15"]
[Round "4"]
[White "Vachier-Lagrave, Maxime"]
[Black "Caruana, Fabiano"]
[Result "1/2-1/2"]
[WhiteElo "2837"]
[BlackElo "2818"]
[Annotator "TA"]
[PlyCount "48"]
[EventDate "2018.06.16"]
[EventType "tourn"]
[EventCountry "BEL"]
[SourceTitle "playchess.com"]
[Source "ChessBase"]
[SourceQuality "1"]

{[%evp 19,48,0,0,-17,-11,-13,-7,-38,-36,-71,0,-22,-8,-22,0,-47,-15,-15,0,0,0,0,0,0,0,0,0,0,0,0,0]} 1. e4 c5 2. Nf3 e6 3. c3 Nf6 4. e5 Nd5 5. d4 cxd4 6. cxd4 d6 7. Bc4 Nc6 8. O-O Be7 9. Qe2 O-O 10. a3 Bd7 {LiveBook: 37 Games. B22: Sicilian: 2 c3} 11. exd6 (11. Bd3 Rc8 12. Qe4 f5 13. exf6 Nxf6 14. Qh4 d5 15. Bg5 h6 16. Nc3 Qe8 17. Bxf6 Bxf6 18. Qg4 {0-1 (28) Maze,S (2573)-Gozzoli,Y (2561) Saint-Quentin 2015}) 11... Bxd6 12. Nc3 {[%cal Bb1c3,Bc3e4,Be4g5][%mdl 32]} Nce7 $146 ({Predecessor:} 12... Nf4 13. Bxf4 Bxf4 14. Rad1 Qb8 15. h4 Rd8 16. g3 Bd6 17. Ne4 Bf8 18. Nc5 Nxd4 19. Rxd4 Bxc5 {0-1 (39) Wyss,T (2184)-Adler,J (2256) Switzerland 1999}) 13. Ne4 Bc6 14. Ne5 Rc8 (14... Bxe5 $17 15. dxe5 Ng6) 15. Rd1 Bb8 16. Ng5 Be8 17. Bd3 (17. Qd3 {seems wilder.} Nf5 18. g4 h6 19. gxf5 hxg5 20. Bb3) 17... Nf6 (17... Nf5 {keeps more tension.} 18. Bd2 h6 19. Ngf3 Qb6 20. Rac1 Ba4) 18. Ngf3 {The position is equal.} Ned5 19. Bd2 a6 20. Rac1 Rxc1 21. Rxc1 Qb6 22. Nc4 Qd8 23. Nce5 Qb6 24. Nc4 Qd8 {Precision: White = 54%, Black = 63%.} 1/2-1/2

[Event "Your Next Move GCT 2018-Blitz"]
[Site "Leuven"]
[Date "2018.06.15"]
[Round "4"]
[White "Grischuk, Alexander"]
[Black "So, Wesley"]
[Result "1/2-1/2"]
[WhiteElo "2831"]
[BlackElo "2856"]
[Annotator "TA"]
[PlyCount "69"]
[EventDate "2018.06.16"]
[EventType "tourn"]
[EventCountry "BEL"]
[SourceTitle "playchess.com"]
[Source "ChessBase"]
[SourceQuality "1"]

{[%evp 10,69,13,11,18,21,13,9,12,16,21,15,32,18,31,19,28,20,32,19,38,35,39,44,46,13,43,33,54,42,41,-91,0,-180,0,0,0,0,0,-8,13,-6,15,0,0,0,0,0,0,0,0,0,0,-7,-7,-8,0,-6,0,-5,17,17]} 1. Nf3 d5 2. b3 Bf5 3. Bb2 e6 4. d3 (4. g3 Nf6 5. Bg2 c5 6. Ne5 Nfd7 7. Nxd7 Qxd7 8. d3 Nc6 9. Nd2 d4 10. c3 Be7 11. a3 O-O 12. cxd4 Nxd4 13. O-O {½-½ (54) Nakamura,H (2769)-Ding,L (2791) Stavanger 2018}) 4... h6 5. Nbd2 Nf6 6. g3 {LiveBook: 5 Games. A06: Réti Opening:1 Nf3 d5} c5 7. Bg2 Nc6 8. O-O Be7 9. e4 Bh7 10. Ne5 Nxe5 11. Bxe5 O-O $146 12. Qe2 Re8 13. Rad1 Nd7 14. Bb2 Bf6 15. e5 Be7 16. c4 Nb6 17. d4 Rc8 18. dxc5 Bxc5 19. Ne4 Be7 20. Qg4 (20. a4 $14 {stays ahead.}) 20... Bf5 (20... Bxe4 $17 21. Bxe4 Nxc4 22. bxc4 Rxc4) 21. Qf4 $2 {[#]} (21. Qe2 $11 {and White stays safe.}) 21... Bg5 $2 (21... Nxc4 $1 $19 22. bxc4 Rxc4 23. Nf6+ (23. Rfe1 $2 Qa5 $19) 23... Bxf6 24. Qxc4 dxc4 25. Rxd8 Bxd8) 22. Nxg5 $11 {The position is equal.} Qxg5 23. Qxg5 hxg5 24. cxd5 {Hoping for d6.} Nxd5 25. Bxd5 exd5 26. Rc1 g4 27. Rfd1 Be4 28. Kf1 Kh7 29. Rxc8 Rxc8 30. Rc1 Rxc1+ 31. Bxc1 {KB-KB} d4 32. Bb2 d3 33. Ke1 Kg6 34. Kd2 a6 35. Ke3 {Precision: White = 58%, Black = 40%.} 1/2-1/2